Tv Battle 7: Night Stalker vs Night Stalker Quiz Stats

 Plays Quiz not verified by Sporcle

Score 0/10 Timer 01:30
0 Plays Today
% Correct
Legacy of Terror
88.9%
The Knightly Murders
88.9%
The Devil's Platform
77.8%
Demon in Lace
77.8%
Mr. R.I.N.G.
66.7%
Primal Scream
66.7%
Firefall
55.6%
The Spanish Moss Murders
55.6%
The Ripper
55.6%
They Have Been, They Are, They Will Be...
44.4%

You're not logged in!

Compare scores with friends on all Sporcle quizzes.
OR
Log In

You Might Also Like...

Show Comments

Extras

Top Quizzes Today


Score Distribution

Your Account Isn't Verified!

In order to create a playlist on Sporcle, you need to verify the email address you used during registration. Go to your Sporcle Settings to finish the process.

Report this User

Report this user for behavior that violates our Community Guidelines.

Details: